[Event "Goch op 26th"]
[Site "Goch"]
[Date "2015.09.04"]
[Round "2"]
[White "Gebben, Alwin"]
[Black "Turp, Hueseyin"]
[Result "1-0"]
[WhiteElo "1908"]
[BlackElo "1665"]
[PlyCount "59"]
[EventDate "2015.09.03"]
[EventType "swiss"]
[EventRounds "7"]
[EventCountry "GER"]
[SourceTitle "EXT 2018"]
[Source "ChessBase"]
[SourceDate "2017.10.13"]
[SourceVersion "1"]
[SourceVersionDate "2017.10.13"]
[SourceQuality "1"]

1. Nf3 d5 2. d4 c6 3. c4 Nf6 4. Qc2 g6 5. Bf4 Bf5 6. Qb3 b6 7. Nc3 Bg7 8. e3 0-0 9. Be2 Re8 10. Ne5 Be6 11. 0-0 Ne4 12. Rfd1 f6 13. Nf3 g5 14. Bg3 Nxg3 15. hxg3 Bf7 16. Rac1 e6 17. cxd5 cxd5 18. Nb5 Re7 19. Rc3 a6 20. Rdc1 Bf8 21. Rc8 Qd7 22. R1c7 axb5 23. Rxd7 Rxd7 24. Qb4 Be8 25. Rxe8 Rf7 26. Qd6 Kg7 27. Qxe6 Rxa2 28. Rxb8 Rxb2 29. Bd3 Rb3 30. Bxh7 1-0

[Event "Wiesbaden op 24th"]
[Site "Wiesbaden"]
[Date "2012.08.26"]
[Round "6"]
[White "Stabolewski, Andreas"]
[Black "Gebben, Alwin"]
[Result "1-0"]
[WhiteElo "2214"]
[BlackElo "1902"]
[PlyCount "51"]
[EventDate "2012.08.23"]
[EventType "swiss"]
[EventRounds "7"]
[EventCountry "GER"]
[SourceTitle "CBM 150 Extra"]
[Source "ChessBase"]
[SourceDate "2012.10.19"]
[SourceVersion "1"]
[SourceVersionDate "2012.10.19"]
[SourceQuality "1"]

1. c4 c6 2. e4 d5 3. exd5 cxd5 4. d4 Nf6 5. Nc3 Nc6 6. Nf3 e6 7. a3 Be7 8. Bd3 dxc4 9. Bxc4 0-0 10. 0-0 b6 11. Qd3 Bb7 12. Bg5 Nd5 13. Bxd5 Bxg5 14. Be4 f5 15. Nxg5 Qxg5 16. Bf3 Na5 17. Bxb7 Nxb7 18. Rfe1 Qf6 19. Re5 Rad8 20. Rae1 Rfe8 21. Nb5 Kf7 22. Nc7 Re7 23. Nxe6 Rdd7 24. Qxf5 Qxf5 25. Rxf5+ Kg6 26. g4 1-0

[Event "Lingen op 4th"]
[Site "Lingen"]
[Date "2012.07.22"]
[Round "4"]
[White "Kobs, Stephan"]
[Black "Gebben, Alwin"]
[Result "0-1"]
[WhiteElo "2035"]
[BlackElo "1899"]
[PlyCount "82"]
[EventDate "2012.07.20"]
[EventType "swiss"]
[EventRounds "5"]
[EventCountry "GER"]
[SourceTitle "EXT 2013"]
[Source "ChessBase"]
[SourceDate "2012.11.22"]
[SourceVersion "1"]
[SourceVersionDate "2012.11.22"]
[SourceQuality "1"]

1. e4 e6 2. d4 d5 3. Nc3 Nf6 4. Bg5 Be7 5. e5 Ng8 6. Bxe7 Nxe7 7. f4 b6 8. Nf3 Ba6 9. Bxa6 Nxa6 10. Qe2 Nb4 11. a3 Nbc6 12. Rd1 Qd7 13. 0-0 Na5 14. b3 h5 15. Ng5 Nf5 16. Rf3 g6 17. Rh3 Qe7 18. g4 Ng7 19. Nb1 0-0-0 20. Qa6+ Kb8 21. Nc3 hxg4 22. Rxh8 Rxh8 23. Nb5 Nc6 24. Rd3 Nf5 25. Qa4 f6 26. Rc3 Nfxd4 27. Nxd4 Nxd4 28. Qxd4 fxg5 29. fxg5 Qxg5 30. Qe3 Qf5 31. Qe2 Rh3 32. Rg3 Rxg3+ 33. hxg3 Kb7 34. Kg2 c5 35. Kg1 a6 36. Kg2 b5 37. Kg1 Kc6 38. a4 Qe4 39. axb5+ axb5 40. Kf2 Qxe2+ 41. Kxe2 d4 0-1